000
00347pam a2200157a 44500
008
230515b0 xxu||||| |||| 00| 0 eng d
020
_a
1987-03-31
041
_a
NULL
082
_a
"""005.43
100
_a
A USERS GUIDE TO THE UNIX TM SYSTEMS
245
_a
NULL
250
_a
Mc. G
260
_a
83.3
_b
THOMS R.
_c
0
300
_a
0
650
_a
0
999
_c
616787
_d
616787